banner-ar

DICCIONARIO MANUAL DE SINONIMOS Y ANTONIMOS / (Record no. 14178)

MARC details
000 -الفاتح
حقل البيانات ثابتة الطول 00617nam a2200217Ia 4500
008 - عناصر البيانات ثابتة الطول - معلومات عامة
حقل البيانات ثابتة الطول 140319s9999 xx 000 0 aRus d
040 ## - مصدر الفهرسة
وكالة الفهرسة الأصلية GCL /
وكالة النسخ GCL
082 04 - رقم تصنيف ديوى العشرى
رقم التصنيف 463
رقم المادة P D
100 1# - المدخل الرئيسى - إسم شخصى
الإسم الشخصى PANOS, ELENA ESTREMERS
245 10 - بيان العنوان
العنوان DICCIONARIO MANUAL DE SINONIMOS Y ANTONIMOS /
بيان المسئوليه,etc PANOS, ELENA ESTREMERS
700 1# - المدخل الاضافى - اسم شخصى
الإسم الشخصى GUINOVART, JAVIER GOMEZ
700 1# - المدخل الاضافى - اسم شخصى
الإسم الشخصى GASANAS, JOAN TORRVELLA
260 ## - PUBLICATION, DISTRIBUTION, ETC. (IMPRINT)
تاريخ النشر أو التوزيع 1995
300 ## - الوصف المادى
التعداد 647 P
650 04 - المدخل الاضافى بالموضوع-مصطلح موضوعى
مصطلح موضوعي SPANISH LANGUAGE - DICTIONARY
650 04 - المدخل الاضافى بالموضوع-مصطلح موضوعى
مصطلح موضوعي DICTIONARIES
650 04 - المدخل الاضافى بالموضوع-مصطلح موضوعى
مصطلح موضوعي LINGUISTICS
650 04 - المدخل الاضافى بالموضوع-مصطلح موضوعى
مصطلح موضوعي SPANISH LANGUAGE
942 ## - عناصر المدخل الإضافي( كوها)
مصدر التصنيف او مخطط الترفيف Dewey Decimal Classification
Koha [default] item type كتاب
260 ## - PUBLICATION, DISTRIBUTION, ETC. (IMPRINT)
-- [S.N] :
-- BIBLOGRAF S.A. ،
Holdings
حالة التراجع حالة الفقد حالة تلف ليس للاعارة المكان المؤقت الموقع الحالى تاريخ الاكتساب اجمالي اﻻعارات رقم الطلب الباركود تاريخ اخر مشاهدة تاريخ تفعيل السعر نوع وعاء كوها
        مكتبة القاهرة الكبرى مكتبة القاهرة الكبرى 03/26/2014   463\P D 26671 03/26/2014 03/26/2014 كتاب

Powered By

EGPV